| 000 -ლიდერი |
| ფიქსირებული სიგრძის საკონტროლო ველი |
01566nam a2200217Ia 4500 |
| 001 - საკონტროლო ნომერი |
| საკონტროლო ველი |
645 |
| 003 - საკონტროლო ნომრის იდენტიფიკატორი |
| საკონტროლო ველი |
GE_BSU |
| 005 - ბოლო ოპერაციის თარიღი და დრო |
| საკონტროლო ველი |
20220921114401.0 |
| 008 - ფიქსირებული სიგრძის მონაცემთა ელემენტები - ზოგადი ინფორმაცია |
| ფიქსირებული სიგრძის საკონტროლო ველი |
181216s2010||||ge |||||||||||||| ||geo|| |
| 020 ## - წიგნის საერთაშორისო სტანდარტული ნომერი |
| International Standard Book Number |
9789941131783 |
| 040 ## - კატალოგიზაციის წყარო |
| Transcribing agency |
GE_BSU |
| 041 ## - ენის კოდი |
| Language code of text/sound track or separate title |
geo |
| 080 ## - უნივერსალური ათობითი კლასიფიკაციის ინდექსი |
| Universal Decimal Classification number |
94(479.9) კ–145 |
| 245 ## - ცნობა სათაურის შესახებ |
| Title |
კავკასიოლოგთა II საერთაშორისო კონგრესი კავკასიური ცივილიზაცია - ისტორია და თანამედროვეობა = II international congress of caucasiologists Caucasian civilization - history and modernity = II международный конгресс кавказоведов Кавказская цивилизация - история и современность : |
| Statement of responsibility, etc |
ივ.ჯავახიშვილის სახ.უნ–ტის ჰუმანიტარულ მეცნ.ფაკ–ის კავკასიოლოგიის ინტი. არნ.ჩიქობავას სახ. ენათმეცნიერების ინ–ტი. |
| 264 ## - წარმოების, გამოცემის, დისტრიბუციის და სხვა ცნობები |
| გამოცემის, წარმოების, დისტრიბუციის... ადგილი |
თბილისი : |
| გამოცემის, წარმოების, დისტრიბუციის... სახელწოდება |
თბილისის უნივერსიტეტის გამ–ბა, |
| გამოცემის, წარმოების, დისტრიბუციის... თარიღი |
2010. |
| 300 ## - ფიზიკური აღწერა |
| Extent |
52 გვ. |
| 653 ## - INDEX TERM--UNCONTROLLED |
| Uncontrolled term |
კავკასიოლოგია - საერთაშორისო კონგრესები |
| 653 ## - INDEX TERM--UNCONTROLLED |
| Uncontrolled term |
კავკასიური ცივილიზაცია |
| 653 ## - INDEX TERM--UNCONTROLLED |
| Uncontrolled term |
კავკასიური ენები. |
| 942 ## - ADDED ENTRY ELEMENTS (KOHA) |
| Koha item type |
წიგნი |
| Source of classification or shelving scheme |
|